Fruticultura moderna /
Guardado en:
| Autor Principal: | |
|---|---|
| Formato: | Libro |
| Publicado: |
Buenos Aires :
Albatros,
1980
|
| Materias: | |
| Etiquetas: |
Agregar Etiqueta
Sin Etiquetas, Sea el primero en etiquetar este registro!
|
| LEADER | 00791nam a22001815a 4500 | ||
|---|---|---|---|
| 001 | CEM.cems016155 | ||
| 005 | 20091104164956.0 | ||
| 008 | 130507s1980##################000#0#####d | ||
| 003 | CEMS | ||
| 082 | 0 | 4 | |a 634 |
| 100 | 1 | |a Soler, Roberto | |
| 245 | 1 | 0 | |a Fruticultura moderna / |c Roberto Soler |
| 260 | |a Buenos Aires : |b Albatros, |c 1980 | ||
| 300 | |a 294 p. | ||
| 505 | 0 | |a Lo que conviene saber en fruticultura racional -- Propagación de los árboles frutales -- Principales prácticas culturales -- Frutales de carozo -- Frutales de pepita -- Frutales cítricos -- el cultivo de la uva de mesa -- Frutales de fruto seco -- Otros frutales interesantes -- Las enfermedades de los frutales | |
| 653 | |a Agricultura | ||
| 653 | |a Fruticultura | ||
| 859 | |a CEMS |b BIB. CEMS - Agricultura |h 634 |i So43 |p A12224.83 |t Ej.1 | ||
